LDR 00606naa#a2200169#i#450# 001 EN\INFRA-M\bibl\118271 005 20260417061540.5 011 ## _a2587-9111 100 ## _a20260417b2026####ek#y0engy0150####ca 102 ## _aRU 200 1# _aThe First Signs of the Latest Industrial Revolution in the Russian Economy _eJournal article 210 1# _aMoscow _cINFRA-M Academic Publishing LLC. _d2026 215 ## _a4 с. 608 ## _aJournal article _2local 675 ## _aЭкономика. Народное хозяйство. Экономические науки. 33 _z 700 #1 _aBasovskaya _gElena Nikolaevna 856 4# _azh-szf.ru _u